History of the synthetic rubber program in general- USA (Record no. 60467)

MARC details
000 -LEADER
fixed length control field 00286nam a2200109Ia 4500
245 #0 - TITLE STATEMENT
Title History of the synthetic rubber program in general- USA
260 ## - PUBLICATION, DISTRIBUTION, ETC. (IMPRINT)
Name of publisher Planter
Year of publication 1956
300 ## - PHYSICAL DESCRIPTION
Number of Pages 597-602
650 ## - SUBJECT ADDED ENTRY--TOPICAL TERM
Topical Term Synthetic rubber
942 ## - ADDED ENTRY ELEMENTS (KOHA)
Koha item type Journals
Holdings
Withdrawn status Lost status Damaged status Not for loan Home library Current library Shelving location Date acquired Serial Enumeration / chronology Koha item type
      Journals RRII Library RRII Library Rubber general 17/12/2021 Volume 32, Issue 10 Journals